<?xml version="1.0" encoding="UTF-8"?><?xml-stylesheet type="text/xsl" href="static/style.xsl"?><OAI-PMH xmlns="http://www.openarchives.org/OAI/2.0/" xmlns:xsi="http://www.w3.org/2001/XMLSchema-instance" xsi:schemaLocation="http://www.openarchives.org/OAI/2.0/ http://www.openarchives.org/OAI/2.0/OAI-PMH.xsd"><responseDate>2026-04-28T19:17:16Z</responseDate><request verb="GetRecord" identifier="oai:uvadoc.uva.es:10324/36042" metadataPrefix="marc">https://uvadoc.uva.es/oai/request</request><GetRecord><record><header><identifier>oai:uvadoc.uva.es:10324/36042</identifier><datestamp>2021-09-21T09:48:26Z</datestamp><setSpec>com_10324_38</setSpec><setSpec>col_10324_852</setSpec></header><metadata><record xmlns="http://www.loc.gov/MARC21/slim" xmlns:doc="http://www.lyncode.com/xoai" xmlns:xsi="http://www.w3.org/2001/XMLSchema-instance" xmlns:dcterms="http://purl.org/dc/terms/" xsi:schemaLocation="http://www.loc.gov/MARC21/slim http://www.loc.gov/standards/marcxml/schema/MARC21slim.xsd">
<leader>00925njm 22002777a 4500</leader>
<datafield tag="042" ind1=" " ind2=" ">
<subfield code="a">dc</subfield>
</datafield>
<datafield tag="720" ind1=" " ind2=" ">
<subfield code="a">López Muñoz, Paola</subfield>
<subfield code="e">author</subfield>
</datafield>
<datafield tag="260" ind1=" " ind2=" ">
<subfield code="c">2019</subfield>
</datafield>
<datafield tag="520" ind1=" " ind2=" ">
<subfield code="a">Los países desarrollados y las agencias multilaterales de desarrollo llevan décadas destinando Ayuda Oficial al Desarrollo (AOD)de manera sistemática a los países de África Subsahariana. Es evidente que se han invertido grandes cantidades de dinero, pero ¿han sido suficientes y, sobre todo, la forma en la que se han canalizado ha sido la correcta? Existe un avivado debate en la actualidad entre varios economistas de prestigio. Este trabajo pretende aunar los diferentes puntos de vista para analizar la medición de la eficacia de la AOD, las posibles causas de su ineficacia y las propuestas para lograr un desarrollo sostenible en la zona.</subfield>
</datafield>
<datafield tag="520" ind1=" " ind2=" ">
<subfield code="a">Developed countries and multilateral development agencies have been allocating&#xd;
Official Development Assistance (ODA) to Subsaharian Africa systematically for&#xd;
decades. It is evident that large amounts of money have been invested, but, have&#xd;
it been enough? and especially, have it been canalised in the right way?&#xd;
Nowadays, there is a strong discussion between several renowned economists.&#xd;
This work expects to gather the different points of view in order to analyze the&#xd;
measure of ODA’s efficacy, the possible causes of inefficacy and the proposals&#xd;
to get a sustanaible development in the area.</subfield>
</datafield>
<datafield tag="024" ind2=" " ind1="8">
<subfield code="a">http://uvadoc.uva.es/handle/10324/36042</subfield>
</datafield>
<datafield ind1=" " ind2=" " tag="653">
<subfield code="a">África subsahariana - Ayuda económica</subfield>
</datafield>
<datafield tag="245" ind1="0" ind2="0">
<subfield code="a">¿Es eficaz la ayuda oficial al desarrollo? Limitaciones en África subsahariana y propuestas</subfield>
</datafield>
</record></metadata></record></GetRecord></OAI-PMH>